书目信息 |
| 题名: |
稻 麦 油菜主要病虫害预测预报技术
|
|
| 作者: | 武向文 主编 | |
| 分册: | ||
| 出版信息: | 北京 中国农业出版社 2020.12 |
|
| 页数: | 197页 | |
| 开本: | 21cm | |
| 丛书名: | ||
| 单 册: | ||
| 中图分类: | S431 | |
| 科图分类: | ||
| 主题词: | 水稻--病虫害预测预报 , 小麦--病虫害预测预报 , 油菜--病虫害预测预报 | |
| 电子资源: | ||
| ISBN: | 978-7-109-27374-0 | |
| 000 | 00964nam0 2200253 45 | |
| 001 | 012001003013 | |
| 005 | 20141010155157.0 | |
| 010 | @a978-7-109-27374-0@dCNY29.00 | |
| 100 | @a20210511d2020 em y0chiy50 ea | |
| 101 | 0 | @achi |
| 102 | @aCN@b110000 | |
| 105 | @aa z 000yy | |
| 106 | @ar | |
| 200 | 1 | @a稻 麦 油菜主要病虫害预测预报技术@Adao mai you cai zhu yao bing chong hai yu ce yu bao ji shu@b专著@f武向文主编 |
| 210 | @a北京@c中国农业出版社@d2020.12 | |
| 215 | @a197页@c图@d21cm | |
| 330 | @a本书内容主要为长江流域水稻、麦类及油菜的主要病虫害预测预报技术,每种病虫害重点从预测依据、调查方法、预测预报方法等三个方面进行了介绍。同时,对每种病虫害均收集整理了与预测预报有关的技术资料,便于读者在开展测报时参考。 | |
| 606 | 0 | @a水稻@x病虫害预测预报 |
| 606 | 0 | @a小麦@x病虫害预测预报 |
| 606 | 0 | @a油菜@x病虫害预测预报 |
| 690 | @aS431@v5 | |
| 701 | 0 | @a武向文@Awu xiang wen@4主编 |
| 801 | 2 | @aCN@bBJSDL@c20211018 |
| 905 | @b1351170-3@dS431@e223@f4 | |
| 稻 麦 油菜主要病虫害预测预报技术/武向文主编.-北京:中国农业出版社,2020.12 |
| 197页:图;21cm |
| ISBN 978-7-109-27374-0:CNY29.00 |
| 本书内容主要为长江流域水稻、麦类及油菜的主要病虫害预测预报技术,每种病虫害重点从预测依据、调查方法、预测预报方法等三个方面进行了介绍。同时,对每种病虫害均收集整理了与预测预报有关的技术资料,便于读者在开展测报时参考。 |
| ● |
| 相关链接 |
|
|
|
|
正题名:稻 麦 油菜主要病虫害预测预报技术
索取号:S431/223
 
预约/预借
| 序号 | 登录号 | 条形码 | 馆藏地/架位号 | 状态 | 备注 |
| 1 | 1351170 | 213511706 | 第二样本阅览室/ [索取号:S431/223] | 在馆 | |
| 2 | 1351171 | 213511715 | 第三借阅区/ [索取号:S431/223] | 在馆 | |
| 3 | 1351172 | 213511724 | 第三借阅区/ [索取号:S431/223] | 在馆 | |
| 4 | 1351173 | 213511733 | 第三借阅区/ [索取号:S431/223] | 在馆 |